Spring Awakening Characters Quiz Stats

 Plays Quiz not verified by Sporcle

Support Sporcle.
Go Orange.
Score 0/11 Timer 05:00
0 Plays Today
OBC Actor Character % Correct
Lea MicheleWendla
98.9%
Jonathan GroffMelchior
98.3%
John Gallagher Jr.Moritz
97.4%
Lauren PritchardIlse
89.9%
Jonathan B. WrightHanschen
87.2%
Lilli CooperMartha
85%
Gideon GlickErnst
81.6%
Skylar AstinGeorg
80.1%
Brian Charles JohnsonOtto
75.8%
Phoebe StroleAnna
75.8%
Remy ZakenThea
73%

You're not logged in!

Compare scores with friends on all Sporcle quizzes.
OR
Log In

From the Vault

Chris Pratt Movies

by 68FC

We have a feeling this guy's career is just getting started.
Remove Ads.
Support Sporcle.
Get the best of Sporcle when you Go Orange. This ad-free experience offers more features, more stats, and more fun while also helping to support Sporcle. Thank you for becoming a member.

Show Comments

Extras

Top Quizzes Today


Score Distribution

Your Account Isn't Verified!

In order to create a playlist on Sporcle, you need to verify the email address you used during registration. Go to your Sporcle Settings to finish the process.

Report this User

Report this user for behavior that violates our Community Guidelines.

Details: